Les 10 Meilleurs Buteurs De Manchester United Depuis 1970 - Statistiques

Statistiques générales
  • Ce quiz a été pris 128 fois
  • Le résultat moyen est 6 sur 10
Statistiques - réponses
Ordre Poste Nationalité Joueur Nombre
De Buts
Nombre de Matchs
Joués avec le club
Saisons % Correct
1 A Angleterre WayneRooney 253 559 2004 - 2017
99%
6 A Portugal CristianoRonaldo 145 346 2003 - 20092021 - 2022
97%
2 M PaysDe Galles RyanGiggs 168 963 1991 - 2014
94%
4 M Angleterre PaulScholes 155 716 1991 - 2013
82%
5 A Pays - Bas RuudVan Nistelrooy 150 219 2001 - 2006
80%
7 A Angleterre MarcusRashford 138 426 2015 - 2024
76%
9 A Norvège Ol GunnarSolskjaer 126 366 1996 - 2007
59%
10 A Angleterre AndyCole 121 275 1995 - 2002
34%
3 A Pays De Galles MarkHughes 161 462 1983 - 19861988 - 1995
8%
8 A Ecosse BrianMcClair 127 471 1987 - 1998
3%
Aucun quiz correspondant
Distribution des résultats
% des personnes avec chaque résultat
Percentile par nombre de réponses
Votre historique - résultats
Vous n’avez pas pris ce quiz